000 00993cam a22002651i 4500
003 SA-RiAUC
005 20250907121128.0
008 250903s2012 ku g f00010dara c
020 _a9789996650598
040 _aSA-MaUQU
_bara
_cSA-RiAUC
_erda
082 0 4 _a239.9
_qSA-RiAUC
090 _a239.9
_bم ن س
100 1 _aالمنسي، أحمد
_eمؤلف.
245 1 0 _aرسائل المحبين إلى الخلفاء الراشدين /
_cأحمد المنسي.
250 _aالطبعة الأولى.
264 1 _aالكويت :
_bوزارة الأوقاف والشؤون الإسلامية،
_c2012
300 _a81 صفحة ؛
_c21 سم
336 _aنص
_btxt
_2rdacontent
_3كتاب
337 _aبدون وسيط
_bn
_2rdamedia
338 _aمجلد
_bnc
_2rdacarrier
650 7 _aالخلفاء الراشدون
_xتاريخ
_2aucsh
650 7 _aالخلفاء الراشدون
_vتراجم
_2aucsh
942 _2ddc
_cBOOK
_n0
949 _aSA-JeALM
_d250903
_umohamedma123
_n1
999 _c11469
_d11469